00585nam a2200169 4500001000700000003000900007005001700016007000300033008004100036100003700077245005500114260005100169300002200220852003200242999001900274952012200293109993ES-MaACL20230906184945.0t|061121s1970 sp r ||||1| spa d1 aMoisés Gómez, Gaspar.98181510aSinfonías concretas / cGaspar Moisés Gómez. aLeón : b[s. n.], c1970 (fImp. Provincial) a104 p. ; c20 cm. aES-MaACLjC-39874 bR.75918 c109993d109993 00104070aATENEOMbATENEOMcDEPO2d2008-01-17eSCl0oC-39874p1114762r2023-02-23 00:00:00w2023-02-23yMONOGRAFIA